000
00266nam a22001097a 4500
041
_a
ENG
100
_a
Rajad
245
_a
Rajahan Agricultural Drainage Research Project
260
_a
Rajasthan,
_b
Analysis Of Subsurface
_c
1995
650
_a
IDE
856
_u
IDE ( 44 )
999
_c
2466
_d
2466